000 01248nam a2200361 a 4500
001 26314
003 CO-ViMGA
005 20230915232156.0
006 a5307261
008 141112s2004 ck r 000 u spa d
015 _aMON1301
017 _aB 27230 - 2012 Oficina Depósito Legal Barcelona
020 _a9788426139658
035 _a(OCoLC)828375474
040 _aCO-ViMGA
_bspa
_cCO-ViMGA
041 _aspa ger
080 _a087.5 : 591.5
090 _aLANq
100 1 _aLange, Monika 1968 -
_941103
240 _aWer war denn da? Español
245 1 0 _a¿Quién ha pasado por aquí? :
_blas huellas y los rastros de los animales /
_cMonika Lange, Christine Faltermayr ; [traducción de Maria Antònia Torras]
260 _aBarcelona Juventud D.L. 2012
300 _a25 p. (algunas pleg.) il. col. 20 x 22 cm
336 _aImagen (fija ; bidimensional ; visual) Texto (visual) isbdcontent
337 _asin mediación isbdmedia
490 _aMis libros de animales
594 _aTítulo original : Wer war denn da?
650 1 4 _aAnimales - Huellas - Libros infantiles
_941104
700 1 _aFaltermayr, Christine
_941105
926 _aBNALCALA SG_PETANTI 12/895526 FONDO_MODE 1
942 _2ddc
_cBK
956 _a2
999 _c33482
_d33482